Arrêts de la ligne 9 de Lyon (TCL) - Statistiques

Statistiques générales
  • Ce quiz a été pris 8 fois
  • Le résultat moyen est 14 sur 26
Statistiques - réponses
Arrondissement Arrêt % Correct
Lyon 2e Cordeliers
100%
Caluire-et-Cuire Montée des Soldats
80%
Caluire-et-Cuire Bellevue
60%
Caluire-et-Cuire Caluire Place de la Bascule
60%
Caluire-et-Cuire Caluire Place Foch
60%
Caluire-et-Cuire Cours Aristide Briand
60%
Caluire-et-Cuire Grande Rue de Saint-Clair
60%
Lyon 1er Hôtel de Ville Louis Pradel
60%
Caluire-et-Cuire Les Eaux
60%
Caluire-et-Cuire Marronniers
60%
Caluire-et-Cuire Petit Versailles
60%
Lyon 4e Pont Churchill RD
60%
Lyon 1er Pont De Lattre RD
60%
Caluire-et-Cuire Saint-Clair - Square Brosset
60%
Sathonay-Camp Sathonay Castellane
60%
Caluire-et-Cuire André Lassagne
40%
Caluire-et-Cuire Bois Roux
40%
Sathonay-Camp Camp Militaire
40%
Caluire-et-Cuire Cèdres
40%
Rochetaillée-sur-Saône Les Bruyères
40%
Caluire-et-Cuire Le Vernay
40%
Sathonay-Camp Sathonay Drapeau
40%
Sathonay-Camp Sathonay Mairie
40%
Sathonay-Camp Sathonay Manutention
40%
Sathonay-Camp Sathonay Mutualité
40%
Sathonay-Camp Sathonay République
40%
Aucun quiz correspondant
Distribution des résultats
% des personnes avec chaque résultat
Percentile par nombre de réponses
Votre historique - résultats
Vous n’avez pas pris ce quiz